Largest Cities of the SF Bay Area by city proper - Statistics

General Stats
  • This quiz has been taken 67 times
    49 since last reset
  • The average score is 11 of 17
Answer Stats
Population Answer % Correct
873,965 San Francisco
100%
1,013,240 San Jose
100%
440,646 Oakland
96%
230,504 Fremont
86%
124,321 Berkeley
82%
116,448 Richmond
68%
162,954 Hayward
64%
127,647 Santa Clara
64%
104,901 Daly City
61%
105,661 San Mateo
61%
155,805 Sunnyvale
61%
115,291 Antioch
46%
125,410 Concord
46%
126,090 Vallejo
46%
178,127 Santa Rosa
43%
119,881 Fairfield
32%
102,386 Vacaville
25%
No matching quizzes found
Score Distribution
Percent of People with Each Score
Percentile by Number Answered
Your Score History
You have not taken this quiz since the last reset